الوجيز في أحكام الأسرة الإسلامية : (رقم التسجيلة. 102442)
[ عرض عادي ]
| 000 -الفاتح | |
|---|---|
| عناصر البيانات ثابتة الطول | 00999cam a2200241 i 4500 |
| 005 - تاريخ ووقت آخر معاملة | |
| حقل ضبط | 20251211093535.0 |
| 008 - عناصر البيانات ثابتة الطول | |
| عناصر البيانات ثابتة الطول | 250721s2004 ua gr 000 0 ara d |
| 020 ## - الترقيم الدولي المعياري للكتب (ردمك) | |
| الترقيم الدولي المعياري للكتب (ردمك) | 977382165 |
| 082 14 - رقم تصنيف ديوي العشري | |
| رقم التصنيف | 216.5 |
| رقم المادة | م ط ل |
| 100 1# - مدخل رئيسي – اسم شخصي | |
| الاسم الشخصي | مطلوب، عبد المجيد محمود |
| علاقة الشخص بالعمل/ دوره | مؤلف. |
| 245 12 - بيان العنوان | |
| العنوان | الوجيز في أحكام الأسرة الإسلامية : |
| بقية العنوان | ( الزواج - فرق الزواج - حقوق الزوجة - حقوق الاولاد و الاقارب ) / |
| بيان المسؤولية | الدكتور عبد المجيد محمد مطلوب. |
| 250 ## - بيان الطبعة | |
| بيان الطبعة | الطبة الاولى ، مزيدة و منقحة. |
| 264 31 - بيانات النشر، التوزيع…إلخ | |
| مكان النشر، التوزيع...إلخ | القاهره : |
| اسم الناشر، الموزع...إلخ | مؤسسة المختار للنشر و التوزيع، |
| تاريخ النشر، التوزيع...إلخ | 2004. |
| 300 ## - الوصف المادي | |
| عدد الوحدات المكونة للوعاء | 452 صفحة. |
| 650 17 - مدخل إضافي بالموضوع - مصطلح موضوعي | |
| مصطلح موضوعي أو اسم جغرافي كعنصر مدخل | الإسلام. |
| 650 17 - مدخل إضافي بالموضوع - مصطلح موضوعي | |
| مصطلح موضوعي أو اسم جغرافي كعنصر مدخل | الأسرة. |
| 650 17 - مدخل إضافي بالموضوع - مصطلح موضوعي | |
| مصطلح موضوعي أو اسم جغرافي كعنصر مدخل | الزواج. |
| 650 17 - مدخل إضافي بالموضوع - مصطلح موضوعي | |
| مصطلح موضوعي أو اسم جغرافي كعنصر مدخل | الحقوق الأسرية. |
| 650 17 - مدخل إضافي بالموضوع - مصطلح موضوعي | |
| مصطلح موضوعي أو اسم جغرافي كعنصر مدخل | الطلاق. |
| 650 17 - مدخل إضافي بالموضوع - مصطلح موضوعي | |
| مصطلح موضوعي أو اسم جغرافي كعنصر مدخل | التفكك الأسري. |
| 942 ## - بيانات إضافية (كوها) | |
| نوع التنصيف | Dewey Decimal Classification |
| نوع المادة (كوها) | كتب |
| حالة السحب | حالة الفقدان | مصدر التصنيف | حالة التلف | غير قابل للإعارة | المكتبة الرئيسية | المكتبة الحالية | موقع الرف | تاريخ التزويد | الرقم المتسلسل | Total Checkouts | رقم الإستدعاء | الباركود | تاريخ آخر ظهور | تاريخ الفاتورة | نوع المادة (كوها) | العملة |
|---|---|---|---|---|---|---|---|---|---|---|---|---|---|---|---|---|
| Dewey Decimal Classification | المكتبة المركزية | المكتبة المركزية | الإعارة | 28/07/2025 | 1055045 | 216.5 / م ط ل | 1055045 | 28/07/2025 | 28/07/2025 | كتب | ||||||
| Dewey Decimal Classification | المكتبة المركزية | المكتبة المركزية | الإعارة | 11/12/2025 | 824479 | 216.5 / م ط ل | PLD824479 | 11/12/2025 | 11/12/2025 | كتب | JOD |